Montañas de fuego : (Record no. 9572)

MARC details
000 -LEADER
campo de control de longitud fija 01016nam a2200277 i 4500
001 - NÚMERO DE CONTROL
campo de control 9572
003 - IDENTIFICADOR DE NÚMERO DE CONTROL
campo de control ES-MaACL
005 - FECHA Y HORA DE LA ÚLTIMA TRANSACCIÓN
campo de control 20250724233438.0
008 - DATOS DE LONGITUD FIJA--INFORMACIÓN GENERAL
campo de control de longitud fija 931110s1993 sp ||||1| spa d
020 ## - NÚMERO INTERNACIONAL ESTÁNDAR DEL LIBRO
Número Internacional Estándar del Libro 84-481-0089-1
080 ## - NÚMERO DE LA CLASIFICACIÓN DECIMAL UNIVERSAL
Número de la Clasificación Decimal Universal 551.21
100 1# - ENTRADA PRINCIPAL--NOMBRE DE PERSONA
Nombre de persona Decker, Robert W.
9 (RLIN) 43170
245 10 - MENCIÓN DEL TÍTULO
Título Montañas de fuego :
Resto del título la naturaleza de los volcanes /
Mención de responsabilidad, etc. Robert W. Decker y Barbara B. Decker ; traducción, Marta Marañón Medina ; revisión técnica, Eduardo Martínez de Pisón.
260 ## - PUBLICACIÓN, DISTRIBUCIÓN, ETC.
Lugar de publicación, distribución, etc. Madrid :
Nombre del editor, distribuidor, etc. McGraw-Hill,
Fecha de publicación, distribución, etc. [1993]
300 ## - DESCRIPCIÓN FÍSICA
Extensión 231, [16] p. de lám. col. :
Otras características físicas il. ;
Dimensiones 21 cm.
490 1# - MENCIÓN DE SERIE
Mención de serie McGraw-Hill de divulgación científica
500 ## - NOTA GENERAL
Nota general Índices.
504 ## - NOTA DE BIBLIOGRAFÍA, ETC.
Nota de bibliografía, etc. Bibliografía: p. 223-225.
650 #7 - PUNTO DE ACCESO ADICIONAL DE MATERIA--TÉRMINO DE MATERIA
Término de materia o nombre geográfico como elemento de entrada Volcanes
Fuente del encabezamiento o término embne
9 (RLIN) 17846
700 1# - ENTRADA AGREGADA--NOMBRE PERSONAL
Nombre de persona Decker, Barbara B.
9 (RLIN) 43168
700 1# - ENTRADA AGREGADA--NOMBRE PERSONAL
Nombre de persona Marañón Medina, Marta.
9 (RLIN) 76318
700 1# - ENTRADA AGREGADA--NOMBRE PERSONAL
Nombre de persona Martínez de Pisón, Eduardo.
9 (RLIN) 78025
830 1# - PUNTO DE ACCESO ADICIONAL DE SERIE-TÍTULO UNIFORME
Título uniforme McGraw-Hill de divulgación científica
9 (RLIN) 179486
852 ## - LOCALIZACIÓN
Ubicación ES-MaACL
Número de control de estantería L-17009
Holdings
Estatus retirado Estado de pérdida Estado de daño No para préstamo Biblioteca de origen Biblioteca actual Ubicación en estantería Fecha de adquisición Fuente de adquisición Total de préstamos Signatura topográfica completa Código de barras Visto por última vez Precio de reemplazo Tipo de ítem Koha
        Biblioteca del Ateneo de Madrid Biblioteca del Ateneo de Madrid Depósito 2 17/01/2008     L-17009 1009768 23/02/2023 23/02/2023 Libro impreso